000 00463nam a2200193Ia 4500
005 20250923144348.0
008 008 250917s9999 xx 000 0 eng d
037 _aReference
040 _aDSWL
_beng
_cDSWL
041 _aeng
_2eng
084 _qDSWL
245 0 _aBulletin,Anciant India,No.2
_cby Archological Survay of India
260 _c1946
300 _a137 p.
365 _aINR
_b2
925 _g2
942 _cREF
999 _c1437919
_d1437919